Statistiques concernant "CHIEN" dans quelle langue ?

Cliquez ici pour prendre le quiz!

Statistiques générales

  • Ce quiz a été pris 123 fois
  • Le résultat moyen est 5 sur 20

Statistiques - réponses

CHIENLangue% Correct
DogAnglais
95%
PerroEspagnol
81%
CaneItalien
65%
CanisLatin
46%
HondNéerlandais / afrikaans
26%
CâineRoumain
19%
PiesPolonais
18%
KöpekTurc
18%
ChóVietnamien
17%
HundurIslandais
16%
PesSlovaque / tchèque
13%
PasCroate /serbien
12%
KoiraFinlandais
12%
KutyaHongrois
10%
QenAlbanais
9%
KoerEstonien
8%
ŠuoLituanien
7%
GosCatalan
6%
AsoTagalog /philippin
6%
CaniCorse
2%

Distribution des résultats

Percentile par nombre de réponses

% des personnes avec chaque résultat

Votre développement - résultats

Vous n’avez pas pris ce quiz